000 00385nam a2200133Ia 4500
008 190927s9999||||xx |||||||||||||| ||und||
082 _a242
_bLAD/B
100 _aLad, Ashok Kumar
245 0 _cBharatiya darsan men Moksa Chintan: Eka Tulnatmak Addhyayan. Adhyaya 1 to 16
250 _a1
260 _aBhopal
_bMadhya Pradesh Hindi Granth Academy
_c1973
300 _a310
942 _cBK
999 _c12752
_d12752